| 000 | 00586ntaaa2200205 4500 | ||
|---|---|---|---|
| 003 | 01 | ||
| 005 | 20251027200651.0 | ||
| 008 | 0714s1973 ag 01 | ||
| 040 |
_aAR-BaBN _bspa _cAR-BaBN _eaacr _dRIC |
||
| 082 | _a784.3061 L33 | ||
| 100 |
_aLasala, Angel E. _9265 |
||
| 245 |
_aObras corales. / _cAngel E. Lasala, |
||
| 250 | _a1 ed. | ||
| 260 |
_aBuenos Aires : _bRicordi Americana, _c1954 |
||
| 300 | _a63 p | ||
| 500 | _aTexto para el estudio del cantor coral. Biblioteca de Música.4/84 juego de fichas retirado | ||
| 650 | _aMusica | ||
| 650 |
_aMusica Coral _92838 |
||
| 942 | _cBK | ||
| 999 |
_c1228 _d1228 |
||